000 01687nam a2200253Ia 4500
008 260220t1984||||xx |||||||||||||| ||spa||
020 _a9506141606
040 _aPY-SlUNAC
_bspa
_erda
041 _aspa
082 _a943.087 6
_bG686d
100 _aGottliend Fichte, J.
_eAutor
245 0 _aDiscursos a la nación alemana /
_cpor J. Gottliend Fichte [Autor]
264 _aBuenos Aires :
_bOrbis,
_c℗1984.
300 _a1 volumen
520 _aEn "Discursos a la nación alemana", Johann Gottlieb Fichte presenta una serie de conferencias que abordan la identidad nacional alemana en el contexto de las guerras napoleónicas y la búsqueda de una conciencia colectiva. Fichte argumenta que la nación no se define solo por la tierra o las fronteras, sino por una cultura compartida y un espíritu común que une a sus ciudadanos. A través de su obra, Fichte promueve la idea de una educación patriótica que fomente la lengua, la historia y los valores alemanes, considerándola esencial para la construcción de un Estado fuerte y unido. Además, enfatiza la importancia de la libertad individual y la responsabilidad social, sugiriendo que cada persona debe contribuir al bienestar de la nación. Su pensamiento influyó en el desarrollo del nacionalismo alemán y en el concepto moderno de identidad nacional, haciendo de este texto una obra fundamental para entender el nacionalismo y la filosofía política de su época.
651 _aAlemania
653 _aFilosofía
653 _aNacionalismo
942 _b2026/02/17
_cBK
999 _c9499
_d9499